000 00462nam a22001697a 4500
003 NUST - PNEC
005 20170116181018.0
008 150915b xxu||||| |||| 00| 0 eng d
020 _a0273028405
040 _cLIBRARY
082 _a005.133 WAT
100 _910498
_aWatt, David A.
245 _aThe professional programmers guide to Pascal
_cDavid A. Watt
260 _cc.1988
650 _910497
_aPascal (Computer program language)
_xMIS
942 _2ddc
_cBK
999 _c67316
_d67316